[Event "Goodricke op 03rd"]
[Site "Kolkata"]
[Date "1992.??.??"]
[Round "10"]
[White "Parappalli, Joe"]
[Black "Chatterjee, KK."]
[Result "1-0"]
[WhiteElo "2320"]
[BlackElo "2215"]
[PlyCount "87"]
[EventDate "1992.01.??"]
[EventType "swiss"]
[EventRounds "11"]
[EventCountry "IND"]
[SourceTitle "CBM 027 Extra"]
[Source "ChessBase"]
[SourceDate "1992.05.01"]
[SourceVersion "1"]
[SourceVersionDate "1992.05.01"]
[SourceQuality "1"]

1. d4 Nf6 2. Nf3 c6 3. g3 d5 4. Bg2 e6 5. 0-0 Nbd7 6. c4 Be7 7. Qc2 0-0 8. b3 Ne4 9. Nc3 f5 10. Bb2 Qe8 11. Ne5 Nxe5 12. dxe5 Nxc3 13. Qxc3 b6 14. b4 Bb7 15. Rfd1 Rd8 16. e3 c5 17. bxc5 bxc5 18. Qa5 Qc6 19. cxd5 exd5 20. Qxa7 Kh8 21. Qa5 Qc8 22. Rab1 f4 23. Bc1 f3 24. Bf1 Ba8 25. Ba3 Qe6 26. Bxc5 Bxc5 27. Qxc5 Qxe5 28. Qd4 Qh5 29. Rdc1 Rc8 30. Rc5 Rxc5 31. Qxc5 Re8 32. a4 Qg6 33. Rb6 Qg4 34. a5 Rc8 35. Qd6 d4 36. Rb8 h6 37. h3 Qf5 38. Rxc8+ Qxc8 39. Qxd4 Kg8 40. a6 Qc6 41. Kh2 Kf8 42. Bc4 g5 43. Qd8+ Kg7 44. Qe7+ 1-0